<?xml version="1.0" encoding="UTF-8"?>
<record
    xmlns:xsi="http://www.w3.org/2001/XMLSchema-instance"
    xsi:schemaLocation="http://www.loc.gov/MARC21/slim http://www.loc.gov/standards/marcxml/schema/MARC21slim.xsd"
    xmlns="http://www.loc.gov/MARC21/slim">

  <leader>01503cam a2200229 a 4500</leader>
  <datafield tag="020" ind1=" " ind2=" ">
    <subfield code="a">9789251060070</subfield>
  </datafield>
  <datafield tag="020" ind1=" " ind2=" ">
    <subfield code="a">925106007X</subfield>
  </datafield>
  <datafield tag="040" ind1=" " ind2=" ">
    <subfield code="c">WAU</subfield>
  </datafield>
  <datafield tag="082" ind1="0" ind2="4">
    <subfield code="a">636 FOO 2008 A056 Or.</subfield>
  </datafield>
  <datafield tag="245" ind1="0" ind2="4">
    <subfield code="a">The future of mariculture: a regional approach for responsible development in the Asia-Pacific region :</subfield>
    <subfield code="b">FAO/NACA regional workshop, 7-11 March 2006, Guangzhou, China /</subfield>
  </datafield>
  <datafield tag="260" ind1=" " ind2=" ">
    <subfield code="a">Rome :</subfield>
    <subfield code="b">Food and Agriculture Organization of the United Nations,</subfield>
    <subfield code="c">2008.</subfield>
  </datafield>
  <datafield tag="300" ind1=" " ind2=" ">
    <subfield code="a">XI, 325 p. :</subfield>
    <subfield code="b">ill. (some col.) ;</subfield>
    <subfield code="c">30 cm.</subfield>
  </datafield>
  <datafield tag="520" ind1=" " ind2=" ">
    <subfield code="a">Aquaculture in the Southeast Asian region has been growing steadily over the last few decades, requiring more space to accommodate it. The search for additional areas to expand the aquaculture industry as a whole and the identification of new farming species of commercial value to satisfy the growing local and export market are pushing the sector in some countries to broaden activities in the sea.--Publisher's description.</subfield>
  </datafield>
  <datafield tag="520" ind1="0" ind2=" ">
    <subfield code="a">Bangladesh; People's Republic of China; Hong Kong; India; Indonesia; Islamic Republic of Iran; Japan; Republic of Korea; Malaysia; The Philippines; Thailand; Viet Nam; Pacific Islands.</subfield>
  </datafield>
  <datafield tag="650" ind1=" " ind2="0">
    <subfield code="a">Mariculture</subfield>
  </datafield>
  <datafield tag="700" ind1="1" ind2=" ">
    <subfield code="a">Lovatelli, Alessandro.</subfield>
  </datafield>
  <datafield tag="710" ind1="2" ind2=" ">
    <subfield code="a">Food and Agriculture Organization of the United Nations.</subfield>
  </datafield>
  <datafield tag="710" ind1="2" ind2=" ">
    <subfield code="a">Network of Aquaculture Centres in Asia-Pacific.</subfield>
  </datafield>
  <datafield tag="856" ind1="4" ind2="1">
    <subfield code="u">http://www.loc.gov/catdir/toc/fy0903/2008485318.html</subfield>
  </datafield>
  <datafield tag="856" ind1="1" ind2="1">
    <subfield code="u">ftp://ftp.fao.org/docrep/fao/011/i0202e/i0202e.pdf</subfield>
  </datafield>
  <datafield tag="942" ind1=" " ind2=" ">
    <subfield code="c">EK</subfield>
  </datafield>
  <datafield tag="999" ind1=" " ind2=" ">
    <subfield code="c">15572</subfield>
    <subfield code="d">15572</subfield>
  </datafield>
  <datafield tag="952" ind1=" " ind2=" ">
    <subfield code="0">0</subfield>
    <subfield code="1">0</subfield>
    <subfield code="4">0</subfield>
    <subfield code="6">636_000000000000000_FOO_2008_A056_OR</subfield>
    <subfield code="7">0</subfield>
    <subfield code="9">69053</subfield>
    <subfield code="a">LBA</subfield>
    <subfield code="b">LBA</subfield>
    <subfield code="c">A056</subfield>
    <subfield code="d">2017-12-02</subfield>
    <subfield code="o">636 FOO 2008 A056 Or.</subfield>
    <subfield code="p">RUA060347</subfield>
    <subfield code="r">2017-12-02</subfield>
    <subfield code="w">2017-12-02</subfield>
    <subfield code="y">EK</subfield>
  </datafield>
</record>
